Szczegóły MARC21

Socjologia : wprowadzenie do socjologii turystyki /

003 -Nazwa inst., której nr kontr. jest w polu 001 [,]
    • @
    • Nazwa instytucji, której n kontrolny jest w polu 001
    • NUKAT
005 -DATA I CZAS OSTATNIEJ MODYFIKACJI [,]
    • @
    • pole kontrolne
    • 20241231100926.0
020 -Międzynarod. znormalizowany nr książki - ISBN [ , ]
    • a
    • Numer ISBN
    • 9788389081223 Find
020 -Międzynarod. znormalizowany nr książki - ISBN [ , ]
    • a
    • Numer ISBN
    • 9788375310634 Find
040 -Instytucja sporządzająca opis [ , ]
    • a
    • Instytucja, która sporządziła opis (NP)
    • WA U/98ZS
    • c
    • Instytucja, która sporządziła rekord (NP)
    • WA U/ZS
    • d
    • Instytucja, która zmodyfikowała rekord (P)
    • WA U/98MAJ
    • d
    • Instytucja, która zmodyfikowała rekord (P)
    • WA U/98MAPs
    • d
    • Instytucja, która zmodyfikowała rekord (P)
    • KR U/APs
942 -Rodzaj dokumentu [ , ]
    • c
    • Rodzaj dokumentu
    • Książka
100 -Hasło główne - nazwa osobowa [1, ]
    • a
    • Nazwa osobowa (NP)
    • Gulda, Mieczysław
    • d
    • Daty biograficzne (NP)
    • (1936-2020).
    • 9
    • KHW
    • 12957
245 -Strefa tytułu i oznaczenia odpowiedzialności [1,0]
    • a
    • Tytuł
    • Socjologia : Find
    • b
    • Ciąg dalszy tytułu (NP)
    • wprowadzenie do socjologii turystyki / Find
    • c
    • Pozostałe elementy strefy tytułu i oznaczenia odpowiedzialności (NP)
    • Mieczysław Gulda.
260 -Strefa adresu wydawniczego [ , ]
    • a
    • Miejsce wydania (P)
    • Gdańsk :
    • b
    • Nazwa wydawcy (P)
    • Wyższa Szkoła Turystyki i Hotelarstwa :
    • b
    • Nazwa wydawcy (P)
    • Fundacja Rozwoju Uniwersytetu Gdańskiego,
    • c
    • Data wydania (P)
    • 2009.
300 -Strefa opisu fizycznego [ , ]
    • a
    • Określenie formy książki i/lub objętość (NP)
    • 216, [1] s. :
    • b
    • Oznaczenie ilustracji (NP)
    • il. ;
    • c
    • Format (NP)
    • 24 cm.
336 -Typ zawartości [ , ]
    • a
    • Termin opisujący typ zawartości
    • Tekst
    • b
    • Kod określający zawartość
    • txt
    • 2
    • Źródło (terminu i kodu)
    • rdacontent
337 -Typ mediów [ , ]
    • a
    • Tryb odtwarzania
    • Bez urządzenia pośredniczącego
    • b
    • Kod typu mediów
    • n
    • 2
    • Źródło (terminu i kodu)
    • rdamedia
338 -Typ/rodzaj nośnika [ , ]
    • a
    • Hasło opisujące typ nośnika
    • Wolumin
    • b
    • Kod typu nośnika
    • nc
    • 2
    • Źródło (terminu i kodu)
    • rdacarrier
504 -Uwaga dot. bibliogr. załącznikowej [ , ]
    • a
    • Uwaga dot. bibliografii załącznikowej
    • Bibliogr. s. 210-216.
521 -Uwaga dot. przeznaczenia czytelniczego [8, ]
    • a
    • Uwaga dot. przeznaczenia czytelniczego
    • Książka dla studentów socjologii.
080 -Uniwersalna Klasyfikacja Dziesiętna [ , ]
    • 2
    • Identyfikator wydania tablic
    • UDC-P058
    • 9
    • UKD
    • 2742
    • a
    • Symbol klasyfikacji
    • 316
    • b
    • Dopowiedzenie
    • Socjologia.
    • 4
    • UKD2
    • 7665
    • x
    • Poddział wspólny
    • (075.8)
    • c
    • Dopowiedzenie poddz. wspólnego
    • (Podręczniki dla szkół wyższych. Skrypty).
650 -Hasło przedmiotowe [ ,7]
    • a
    • Hasło przedmiotowe
    • Turystyka
    • x
    • Określnik rzeczowy
    • aspekt społeczny
    • v
    • Określnik formalny
    • podręczniki akademickie.
    • 2
    • Źródło terminu
    • kaba
    • 9
    • KHW
    • 360999
650 -Hasło przedmiotowe [ ,7]
    • a
    • Hasło przedmiotowe
    • Socjologia
    • v
    • Określnik formalny
    • podręczniki akademickie.
    • 2
    • Źródło terminu
    • kaba
    • 9
    • KHW
    • 357222
650 -Hasło przedmiotowe [ ,7]
    • a
    • Hasło przedmiotowe
    • Turystyka
    • x
    • Określnik rzeczowy
    • socjologia
    • v
    • Określnik formalny
    • podręczniki akademickie.
    • 2
    • Źródło terminu
    • kaba
    • 9
    • KHW
    • 386230
980 -Symbol UKD [ , ]
    • a
    • UKD
    • 316(075.8)
710 -Hasło dodatkowe - nazwa ciała zbiorowego [2, ]
    • a
    • Nazwa ciała zbiorowego lub nazwa geograficzna jako pierwszy element (NP)
    • Fundacja Rozwoju Uniwersytetu Gdańskiego.
    • 4
    • Kod relacji
    • pbl
    • 9
    • KHW
    • 10267
920 -ISBN [ , ]
    • a
    • ISBN
    • 978-83-89081-22-3 Find
920 -ISBN [ , ]
    • a
    • ISBN
    • 978-83-7531-063-4 Find
Data inwentaryzacji Lokalizacja Status udost. Numer inwentarzowy
2010-04-29BG-3WM.11042
2010-04-29BG-3WM.11043
2010-04-29BG-3WM.11044
2010-04-29BG1Z.114237
2010-04-29BM1WF.8628